000 01580nam0a2200361 4500
001 RU\NLR\BIBL_A\022670708
005 20251210151959.0
010 _a978-5-235-05280-2
_92150
021 _aRU
_bКН-П-25-061255
_9КН-П-25-5912
035 _a(NLR Aleph) 022670708
090 _a13498312
_c13498312
100 _a20251121d2025 u y0rusy50 ca
101 0 _arus
102 _aRU
105 _aach z 000yb
181 0 _ai3
_baxxe
182 0 _an
200 1 _aМихаил Сергейчик
_fАндрей Почтарёв
203 _aТекст
_bвизуальный
_cнепосредственный
210 _aМосква
_cМолодая гвардия
_d2025
215 _a436, [2] с., [8] л. ил., портр., факс.
_cил.
_d21
225 1 _aЖизнь замечательных людей
_eсерия биографий
_fоснована в 1890 г. Ф. Павленковым и продолжена в 1933 г. М. Горьким
_vвып. 2285 (2085)
225 1 _aЖЗЛ
320 _aБиблиогр. в конце кн.
333 _a16+
600 1 _aСергейчик
_bМ. А.
_f1909 - 1993
_gМихаил Алексеевич
_92689714
_3RU\NLR\AUTH\6601763742
686 1 _aЦ4,6(2)243.1дСергейчик
700 1 _aПочтарёв
_bА. Н.
_f1958-
_gАндрей Николаевич
702 1 _aСергейчик
_bМ. А.
_f1909-1993
_gМихаил Алексеевич
_4280
942 _cBOOK
980 _aNB